Kriti.Crete a History in Pictures.Kreta geschichte in bildern

Salvato in:
Dettagli Bibliografici
Autore principale: Panagiotakis, Georgios (Autore)
Natura: Libro
Lingua:inglese
tedesco
francese
Pubblicazione: Iraklion : Heraklion, 1993
Soggetti:
Tags: Aggiungi Tag
Nessun Tag, puoi essere il primo ad aggiungerne!!

MARC

LEADER 00000nam a22000003a 4500
001 stu242253
005 20150617225805.3
008 120123s1993------------------------eng-d
020 |a 960-85196-5-9 
040 |a STU  |b slo 
041 0 |a eng  |a ger  |a fre 
100 1 |a Panagiotakis, Georgios  |4 aut 
245 1 |a Kriti.Crete a History in Pictures.Kreta geschichte in bildern 
260 |a Iraklion :  |b Heraklion,  |c 1993 
300 |a 540 s 
650 7 |a Kréta  |2 stusub 
650 7 |a dejiny architektúry  |2 stusub 
996 |b 284AU05083  |c A*7812 U  |l AAKNAR  |s A  |a 24  |w stu242253_0001